Planetas de Star Wars (I a VI) - Estadísticas

Estadísticas generales
  • Esta prueba ha sido intentada 32 veces
    10 desde el último reinicio
  • La puntuación promedio es 12 de 16
Estadísticas de respuestas
Imagen Respuesta % Correcto
Hoth
100%
Alderaan
88%
Dagobah
88%
Endor
88%
Mustafar
88%
Naboo
88%
Tatooine
88%
Yavin
88%
Bespin
75%
Coruscant
75%
Geonosis
75%
Kamino
75%
Kashyyyk
75%
Utapau
63%
Felucia
50%
Mygeeto
25%
No se encontraron pruebas coincidentes
Distribución de puntuación
Porcentaje de gente con cada puntuación
Porcentaje por número respondido
Historial de tus puntuaciones
No has intentado esta prueba desde el último reinicio